[Event "FIDE World Uni Rapid-E 1st"]
[Site "Tornelo INT"]
[Date "2021.03.20"]
[Round "2"]
[White "Dabos Doukas, Ioannis"]
[Black "Tsolakidou, Stavroula"]
[Result "0-1"]
[WhiteElo "1792"]
[BlackElo "2379"]
[PlyCount "116"]
[EventDate "2021.03.20"]
[EventType "swiss (rapid)"]
[EventRounds "12"]
[EventCountry "NET"]
[SourceTitle "EXT 2022"]
[Source "ChessBase"]
[SourceDate "2021.10.06"]
[SourceVersion "1"]
[SourceVersionDate "2021.10.06"]
[SourceQuality "1"]

1. d4 Nf6 2. Nf3 e6 3. Bf4 c5 4. e3 cxd4 5. exd4 Be7 6. Nbd2 b6 7. Bd3 Bb7 8. 0-0 0-0 9. c3 d6 10. Re1 Nbd7 11. Qc2 Re8 12. Ne4 Nxe4 13. Bxe4 Bxe4 14. Qxe4 b5 15. Qc6 Qb6 16. Qxb6 Nxb6 17. a3 Rec8 18. Nd2 a5 19. Ne4 Rc6 20. Nd2 h6 21. h3 d5 22. Bg3 Rcc8 23. f4 g6 24. Bf2 b4 25. axb4 axb4 26. Rxa8 Rxa8 27. Nb3 Ra2 28. cxb4 Bxb4 29. Re2 Nc4 30. Nc5 Rxb2 31. Rxb2 Nxb2 32. Kf1 Kg7 33. Ke2 g5 34. fxg5 hxg5 35. g4 Bc3 36. Nd7 f6 37. Bg1 Kf7 38. Ke3 e5 39. dxe5 fxe5 40. Bh2 e4 41. Nc5 Nc4+ 42. Ke2 Bb4 43. Nb3 Bc3 44. Nc5 Ke7 45. Bg3 Bd4 46. Nb3 Bf6 47. Nc5 Ne5 48. Ke3 Ng6 49. Nb3 Bc3 50. Nc5 Ba5 51. Nb7 Bb6+ 52. Ke2 Nf4+ 53. Bxf4 gxf4 54. h4 f3+ 55. Kf1 e3 56. g5 e2+ 57. Ke1 Bd4 58. Na5 Bc3+ 0-1

[Event "FIDE World Uni Blitz-B 1st"]
[Site "Tornelo INT"]
[Date "2021.03.13"]
[Round "9.53"]
[White "Dabos Doukas, Ioannis"]
[Black "Nikhilesh, Prabhakar"]
[Result "1-0"]
[WhiteElo "1792"]
[BlackElo "1298"]
[PlyCount "63"]
[EventDate "2021.03.13"]
[EventType "swiss (blitz)"]
[EventRounds "10"]
[EventCountry "NET"]
[SourceTitle "EXT 2022"]
[Source "ChessBase"]
[SourceDate "2021.10.06"]
[SourceVersion "1"]
[SourceVersionDate "2021.10.06"]
[SourceQuality "1"]

1. d4 Nf6 2. Nf3 d5 3. Bf4 c5 4. e3 Nc6 5. Nbd2 Bf5 6. c3 h6 7. h3 Qb6 8. Qc1 e6 9. Be2 Be7 10. 0-0 0-0 11. Ne5 cxd4 12. exd4 Rac8 13. Ndf3 Ne4 14. Nd7 Qa5 15. Nxf8 Bxf8 16. Ne5 Nxd4 17. Qd1 Nc6 18. Bd3 Qb6 19. Bxe4 Bxe4 20. Nd7 Qxb2 21. Nxf8 Rxf8 22. Qg4 Bg6 23. Qg3 Rc8 24. h4 h5 25. Rfc1 Ne7 26. Qg5 Nf5 27. Be5 Qe2 28. Re1 Qc4 29. g3 Kh7 30. Qd2 Qg4 31. Kh2 Rc4 32. Qg5 1-0

[Event "FIDE World Uni Blitz-B 1st"]
[Site "Tornelo INT"]
[Date "2021.03.13"]
[Round "2.23"]
[White "Giannoulakis, Labros"]
[Black "Dabos Doukas, Ioannis"]
[Result "1-0"]
[WhiteElo "2325"]
[BlackElo "1792"]
[PlyCount "89"]
[EventDate "2021.03.13"]
[EventType "swiss (blitz)"]
[EventRounds "10"]
[EventCountry "NET"]
[SourceTitle "EXT 2022"]
[Source "ChessBase"]
[SourceDate "2021.10.06"]
[SourceVersion "1"]
[SourceVersionDate "2021.10.06"]
[SourceQuality "1"]

1. d4 d5 2. c4 e6 3. Nc3 Nf6 4. Bg5 Be7 5. cxd5 exd5 6. e3 c6 7. Bd3 h6 8. Bh4 0-0 9. Nge2 Re8 10. 0-0 Ne4 11. Bxe7 Qxe7 12. Qc2 Bf5 13. Bxe4 Bxe4 14. Nxe4 Qxe4 15. Qxe4 Rxe4 16. b4 a5 17. b5 Nd7 18. bxc6 bxc6 19. Rfc1 Ra6 20. Rab1 Re6 21. Nf4 Rd6 22. Nd3 a4 23. a3 Rb6 24. Rxb6 Nxb6 25. Ne5 f6 26. Rxc6 Rxc6 27. Nxc6 Nc4 28. Ne7+ Kf7 29. Nxd5 Nxa3 30. Nb6 Nb5 31. Nxa4 Ke6 32. f3 Kd5 33. Nb6+ Kc6 34. Nc4 Kd5 35. Nd2 Nc3 36. Kf2 Nd1+ 37. Ke2 Nc3+ 38. Kd3 Nb5 39. e4+ Kd6 40. Nc4+ Ke6 41. d5+ Kd7 42. Ne3 Na3 43. Nf5 g5 44. Nxh6 Nb5 45. Nf5 1-0

[Event "Dundee & Angus op"]
[Site "Dundee"]
[Date "2016.10.09"]
[Round "1"]
[White "Dabos Doukas, Ioannis"]
[Black "Abdulla, Murad"]
[Result "0-1"]
[WhiteElo "1786"]
[BlackElo "2045"]
[PlyCount "68"]
[EventDate "2016.10.07"]
[EventType "swiss"]
[EventRounds "5"]
[EventCountry "SCO"]
[SourceTitle "EXT 2023"]
[Source "ChessBase"]
[SourceDate "2022.10.05"]
[SourceVersion "1"]
[SourceVersionDate "2022.10.05"]
[SourceQuality "1"]

1. d4 Nf6 2. Nf3 c5 3. d5 b5 4. Bg5 Qb6 5. a4 bxa4 6. Nc3 Qxb2 7. Nxa4 Qb7 8. Nc3 d6 9. Rb1 Qc7 10. e4 a6 11. Bc4 Nbd7 12. 0-0 g6 13. Re1 Bg7 14. Qe2 0-0 15. h3 h6 16. Bf4 Nh5 17. Bd2 Nb6 18. Rb3 Nxc4 19. Qxc4 Nf6 20. e5 Nd7 21. e6 fxe6 22. dxe6 Nf6 23. Qd3 g5 24. Qg6 c4 25. Rbb1 Qc5 26. Be3 Qa5 27. Bd4 Ne8 28. Rb5 axb5 29. Nd5 Qd8 30. Bb6 Nc7 31. Nxc7 Rf6 32. Nxa8 Qf8 33. Qe4 Bxe6 34. Bd4 Rf5 0-1

[Event "EU-ch U16 26th"]
[Site "Prague"]
[Date "2016.08.25"]
[Round "7"]
[White "Kuchar, Matej"]
[Black "Dabos Doukas, Ioannis"]
[Result "1-0"]
[WhiteElo "1873"]
[BlackElo "1815"]
[PlyCount "75"]
[EventDate "2016.08.18"]
[EventType "swiss"]
[EventRounds "9"]
[EventCountry "CZE"]
[SourceTitle "CBM 174 Extra"]
[Source "ChessBase"]
[SourceDate "2016.10.10"]
[SourceVersion "1"]
[SourceVersionDate "2016.10.10"]
[SourceQuality "1"]

1. e4 c5 2. Nf3 e6 3. d4 cxd4 4. Nxd4 Nc6 5. Be3 Nf6 6. Bd3 d5 7. Nxc6 bxc6 8. Nd2 Be7 9. 0-0 0-0 10. exd5 cxd5 11. Nf3 a5 12. Qe2 Nd7 13. Bd4 Nc5 14. Bxc5 Bxc5 15. Rad1 Qf6 16. c3 a4 17. Rfe1 Rb8 18. Ne5 Bd6 19. Rd2 Qf4 20. g3 Qxe5 21. Qxe5 Bxe5 22. Rxe5 f6 23. Re1 e5 24. Bc2 a3 25. b4 Be6 26. Bb3 Rfc8 27. Re3 Rb5 28. f4 Kf7 29. fxe5 fxe5 30. Rxe5 Rxc3 31. Rf2+ Ke7 32. Rfe2 Rxb3 33. Rxe6+ Kd7 34. axb3 Rxb4 35. Ra6 Rxb3 36. Ra2 Rb1+ 37. Kg2 Rb2+ 38. Rxb2 1-0

[Event "EU-ch U16 26th"]
[Site "Prague"]
[Date "2016.08.24"]
[Round "6"]
[White "Dabos Doukas, Ioannis"]
[Black "Stastny, Petr"]
[Result "1-0"]
[WhiteElo "1815"]
[BlackElo "1476"]
[PlyCount "51"]
[EventDate "2016.08.18"]
[EventType "swiss"]
[EventRounds "9"]
[EventCountry "CZE"]
[SourceTitle "CBM 174 Extra"]
[Source "ChessBase"]
[SourceDate "2016.10.10"]
[SourceVersion "1"]
[SourceVersionDate "2016.10.10"]
[SourceQuality "1"]

1. d4 Nf6 2. Nf3 e6 3. e3 c5 4. Bd3 d5 5. b3 Nc6 6. Bb2 Bd6 7. dxc5 Bxc5 8. 0-0 0-0 9. Nbd2 Re8 10. c4 b6 11. cxd5 Nxd5 12. Nc4 f6 13. Nd4 Nxd4 14. exd4 Be7 15. Qh5 h6 16. Bc1 f5 17. Ne5 Bf6 18. Qf7+ Kh8 19. Bb5 Rg8 20. Qh5 Bxe5 21. dxe5 Kh7 22. g4 Nc3 23. g5 Qc7 24. g6+ Kh8 25. Bxh6 Rd8 26. Bg5+ 1-0

[Event "EU-ch U16 26th"]
[Site "Prague"]
[Date "2016.08.21"]
[Round "4"]
[White "Shafi, Declan"]
[Black "Dabos Doukas, Ioannis"]
[Result "1-0"]
[WhiteElo "2078"]
[BlackElo "1815"]
[PlyCount "81"]
[EventDate "2016.08.18"]
[EventType "swiss"]
[EventRounds "9"]
[EventCountry "CZE"]
[SourceTitle "CBM 174 Extra"]
[Source "ChessBase"]
[SourceDate "2016.10.10"]
[SourceVersion "1"]
[SourceVersionDate "2016.10.10"]
[SourceQuality "1"]

1. c4 c5 2. Nf3 Nc6 3. d4 cxd4 4. Nxd4 g6 5. e4 Bg7 6. Be3 Nf6 7. Nc3 d6 8. Be2 0-0 9. f3 Bd7 10. Qd2 a6 11. 0-0 Rc8 12. Rfe1 Ne5 13. b3 Bc6 14. Rab1 e6 15. Red1 Qe7 16. h3 Ne8 17. f4 Nd7 18. Nxc6 bxc6 19. e5 d5 20. cxd5 exd5 21. Bxa6 Rb8 22. Rbc1 Nc7 23. Be2 Ne6 24. Na4 Rfc8 25. Bg4 f5 26. exf6 Qxf6 27. Bxe6+ Qxe6 28. Nc5 Nxc5 29. Bxc5 Bf8 30. Re1 Bxc5+ 31. Rxc5 Qd6 32. Rec1 Rc7 33. b4 Rf8 34. b5 Qxf4 35. Qxf4 Rxf4 36. Rxc6 Rb7 37. b6 Rff7 38. a4 Rf4 39. a5 Ra4 40. Rc8+ Kf7 41. R8c7+ 1-0

[Event "Aegean op 39th"]
[Site "Aghios Kirykos"]
[Date "2016.07.13"]
[Round "4"]
[White "Dabos Doukas, Ioannis"]
[Black "Halioris, Stefanos Anthimos"]
[Result "1-0"]
[WhiteElo "1789"]
[BlackElo "1649"]
[PlyCount "41"]
[EventDate "2016.07.11"]
[EventType "swiss"]
[EventRounds "9"]
[EventCountry "GRE"]
[SourceTitle "EXT 2017"]
[Source "ChessBase"]
[SourceDate "2016.10.25"]
[SourceVersion "1"]
[SourceVersionDate "2016.10.25"]
[SourceQuality "1"]

1. d4 d5 2. Bf4 Nf6 3. e3 e6 4. Nf3 c5 5. c3 Nc6 6. Nbd2 Bd6 7. Bg3 0-0 8. Bd3 b6 9. Rc1 Bxg3 10. hxg3 Qd6 11. g4 g6 12. g5 Nd7 13. Bb5 Bb7 14. dxc5 bxc5 15. Ne4 Qe7 16. Bxc6 Bxc6 17. Ne5 dxe4 18. Nxc6 Qe8 19. Qd6 f6 20. Ne7+ Kg7 21. Rxh7+ 1-0

[Event "Aegean op 39th"]
[Site "Aghios Kirykos"]
[Date "2016.07.13"]
[Round "3"]
[White "Persson, Andreas"]
[Black "Dabos Doukas, Ioannis"]
[Result "1-0"]
[WhiteElo "2181"]
[BlackElo "1789"]
[PlyCount "89"]
[EventDate "2016.07.11"]
[EventType "swiss"]
[EventRounds "9"]
[EventCountry "GRE"]
[SourceTitle "EXT 2017"]
[Source "ChessBase"]
[SourceDate "2016.10.25"]
[SourceVersion "1"]
[SourceVersionDate "2016.10.25"]
[SourceQuality "1"]

1. d4 d5 2. c4 e6 3. Nc3 Nf6 4. cxd5 exd5 5. Bg5 c6 6. e3 Bf5 7. Qf3 Bg6 8. Bxf6 Qxf6 9. Qxf6 gxf6 10. Nce2 Bd6 11. Nf3 0-0 12. Nh4 Re8 13. a3 a5 14. Ng3 Bxg3 15. hxg3 Na6 16. Rc1 a4 17. Kd2 Nc7 18. Be2 Ne6 19. f4 Be4 20. Bg4 Ra5 21. Bf5 Ng7 22. Bxe4 Rxe4 23. Rc3 Rb5 24. Rb1 h5 25. b4 axb3 26. Rbxb3 Rxb3 27. Rxb3 Re7 28. a4 Kf8 29. Rb6 Ke8 30. a5 Rc7 31. Kd3 Kd8 32. a6 bxa6 33. Rxa6 Kd7 34. e4 dxe4+ 35. Kxe4 Kd6 36. Ra8 Ne6 37. Rh8 Rb7 38. Rxh5 Rb2 39. Ra5 Rd2 40. Nf5+ Kd7 41. Ra7+ Ke8 42. Nd6+ Kf8 43. Rxf7+ Kg8 44. Rxf6 Rxd4+ 45. Ke5 1-0